| 000 | 01117nam a2200277Ia 4500 | ||
|---|---|---|---|
| 003 | OSt | ||
| 005 | 20221005105527.0 | ||
| 006 | a|||||r|||| 00| 0 | ||
| 007 | ta | ||
| 008 | 221004b |||||||| |||| 00| 0 hin d | ||
| 020 |
_a9788126729784 (hbk) _cINR 695.00 |
||
| 024 | _a34852 | ||
| 037 |
_bBR3079, 15/09/2017, Rajkamal Prakashan Pvt. Ltd. _cTextual |
||
| 040 |
_aCRL _cCRL _bhin |
||
| 041 |
_2hin _ahin |
||
| 082 | _aO152,3N25,GP, Q7 | ||
| 100 | _aसोबती, कृष्णा, ले. | ||
| 245 | 0 | _aगुजरात पाकिस्तान से गुजरात हिन्दुस्तान | |
| 246 | _aGujarāt pākistān se gujarāt hindustāna | ||
| 260 |
_aनई दिल्ली _bराजकमल प्रकाशन भारत _c2017 |
||
| 300 |
_a253पृ0 _ccm. |
||
| 650 | _a हिन्दी साहित्य | ||
| 650 | _aहिन्दी कहानी | ||
| 942 |
_hO152,3N25,GP, Q7 _cTEXL _2cc |
||
| 999 |
_c1016085 _d1016085 |
||